00359nam a2200121Ia 4500003000400000005001700004008004100021040001800062041000800080100004400088245007000132260003500202OSt20260120162457.0211028s2014 xx 000 0 und d cAIMIT LIBRARY aeng aD Souza, Rini; Periera, Divya.g1216104 aStudy on challenges of customer advocacy at golds gym Mangalore / aMangalorebDivya Perierac2014